00786nam a2200205 i 4500001000700000003000900007005001700016008004100033080002100074245008400095260004500179300003100224490003300255500006000288700002300348830004100371852002500412999001900437952012400456186859ES-MaACL20230906222746.0170223s1910 sp |||| | spa d a821.134.2-32"19"00aHacia el amor b: [novela de los tiempos de Jesús] / cilustraciones de Espi. aMadrid : bLos Contemporáneos, c1910. a[20] p. : bil. ; c28 cm.1 aLos contemporáneos ; v104 aEn cubierta: Novela de nuestro concurso, lema: Siloé.1 aEspí, M.91618550 aLos contemporáneos ; v1049185715 aES-MaACLjR-2599(26) c186859d186859 00104070aATENEOMbATENEOMcDEPOd2017-02-23eSCl0oR-2599(26)p1197099r2023-02-23 00:00:00w2023-02-23yMONOGRAFIA